| 000 | 00497nam a2200193 a 4500 | ||
|---|---|---|---|
| 001 | 1773128579092 | ||
| 003 | YourLibrary | ||
| 005 | 20260310131719.0 | ||
| 008 | 260310s2005##################000#0#eng## | ||
| 020 | _a9781400096428 | ||
| 082 | 0 | 4 |
_a362.28092 _bRUN |
| 100 | 1 |
_aRunyon, Brent, _eauthor. |
|
| 245 | 1 | 0 | _aThe Burn Journals : |
| 260 |
_bVintage, _c2005. |
||
| 300 | _a338 pages | ||
| 650 | 0 | _aBiography & Autobiography. | |
| 942 | _cENGLISH | ||
| 040 |
_aYourLibrary _beng _cYourLibrary |
||
| 999 |
_c617442 _d617442 |
||